logo

Bir Sreshtho Munshi Abdur Rouf Library
Jhenaidah Cadet College

Al Tawḥīd : (Record no. 12791)

MARC details
000 -LEADER
fixed length control field 01068nam a2200301 a 4500
001 - CONTROL NUMBER
control field 12791
003 - CONTROL NUMBER IDENTIFIER
control field BD-JhCC
005 - DATE AND TIME OF LATEST TRANSACTION
control field 20230513091243.0
008 - FIXED-LENGTH DATA ELEMENTS--GENERAL INFORMATION
fixed length control field 230513s1992 vau b 001 0 eng
010 ## - LIBRARY OF CONGRESS CONTROL NUMBER
LC control number 91047175
020 ## - INTERNATIONAL STANDARD BOOK NUMBER
International Standard Book Number 0912463791
020 ## - INTERNATIONAL STANDARD BOOK NUMBER
International Standard Book Number 0912463805 (pbk.)
040 ## - CATALOGING SOURCE
Original cataloging agency DLC
Transcribing agency DLC
Modifying agency DLC
-- BD-JhCC
050 00 - LIBRARY OF CONGRESS CALL NUMBER
Classification number BP161.2
Item number .A477 1992
082 00 - DEWEY DECIMAL CLASSIFICATION NUMBER
Classification number 297/.211
Edition number 20
Item number ALF 1992
100 1# - MAIN ENTRY--PERSONAL NAME
Personal name Al-Faruqi, Ismaʾil R.,
Dates associated with a name 1921-1986.
245 13 - TITLE STATEMENT
Title Al Tawḥīd :
Remainder of title its implications for thought and life /
Statement of responsibility, etc. Ismaʾīl Rājī al Fārūqī.
250 ## - EDITION STATEMENT
Edition statement 2nd ed.
260 ## - PUBLICATION, DISTRIBUTION, ETC.
Place of publication, distribution, etc. Herndon, VA :
Name of publisher, distributor, etc. International Institute of Islamic Thought,
Date of publication, distribution, etc. c1992.
300 ## - PHYSICAL DESCRIPTION
Extent xv, 237 p. ;
Dimensions 24 cm.
490 1# - SERIES STATEMENT
Series statement Issues in Islamic thought ;
Volume/sequential designation 4
504 ## - BIBLIOGRAPHY, ETC. NOTE
Bibliography, etc. note Includes bibliographical references (p. 217-222) and index.
650 #0 - SUBJECT ADDED ENTRY--TOPICAL TERM
Topical term or geographic name entry element Islam.
710 2# - ADDED ENTRY--CORPORATE NAME
Corporate name or jurisdiction name as entry element International Institute of Islamic Thought.
830 #0 - SERIES ADDED ENTRY--UNIFORM TITLE
Uniform title Issues of Islamic thought ;
Volume/sequential designation no. 4.
942 ## - ADDED ENTRY ELEMENTS (KOHA)
Source of classification or shelving scheme Dewey Decimal Classification
Koha item type Books
Holdings
Withdrawn status Lost status Source of classification or shelving scheme Damaged status Not for loan Home library Current library Shelving location Date acquired Cost, normal purchase price Total Checkouts Full call number Barcode Date last seen Copy number Price effective from Koha item type
    Dewey Decimal Classification     JCC Rouf Library JCC Rouf Library General Stacks 05/13/2023 350.00   297/.211 ALF 1992 16687 05/13/2023 C-1 05/13/2023 Books

JCC Library | Contacts | JCC Home

Last Update on 23 September 2017
Copyright @ 2017-2020 JCC Rouf Library
Rouf Library, Jhenidah Cadet College (JCC), Bangladesh